|
|
|
|
| LEADER |
01174pam a22002658a 4500 |
| 001 |
00022029 |
| 005 |
20171026081023.0 |
| 008 |
110527s2004 ||||||Viesd |
| 041 |
0 |
# |
|a Vie
|
| 082 |
1 |
4 |
|a 371.2
|b KH401H
|
| 100 |
0 |
# |
|a Trần Kiểm
|
| 245 |
0 |
0 |
|a Khoa học quản lí giáo dục một số vấn đề lý luận và thực tiễn
|b Sách chuyên khảo dùng trong các trường ĐHSP, CĐSP cho cán bộ quản lí giáo dục, nghiên cứu sinh, học viên cao học
|c Trần Kiểm
|
| 260 |
# |
# |
|a H.
|b Giáo dục
|c 2004
|
| 300 |
# |
# |
|a 302 tr.
|c 20 cm.
|
| 650 |
# |
4 |
|a Giáo dục học
|
| 650 |
# |
4 |
|a Khoa học
|
| 650 |
# |
4 |
|a Quản lí
|
| 653 |
# |
# |
|a Lí luận
|
| 653 |
# |
# |
|a Thực tiễn
|
| 852 |
# |
# |
|b Kho giáo trình
|j KGT.0020285, KGT.0020286, KGT.0020287, KGT.0020288, KGT.0020289, KGT.0020290
|
| 852 |
# |
# |
|b Kho mượn
|j KGT.0020285
|
| 852 |
# |
# |
|b Kho đọc
|j KD.0007878
|
| 852 |
# |
# |
|j KGT.0020285
|j KGT.0020287
|j KGT.0020288
|j KGT.0020290
|j KD.0007878
|j KGT.0020286
|j KGT.0020289
|
| 910 |
0 |
# |
|a nhnam
|d 27/05/2011
|
| 980 |
# |
# |
|a Trung tâm Học liệu Lê Vũ Hùng, Trường Đại học Đồng Tháp
|